1284 1467 1615 1053 1018 1405 1651 1433 1056 1440 1174 1063 1401 1007 1566 1111 1833 1809 1941 1342 1040 1287 1401 1126 1675 1180 1552 1514 1501 1004 1079 1917 1695 1360 1588 1594 1450 1319 1603 1309 1010 1126 1734 1516 1161 1301 1637 1154 1943 1967 1217 1158 1442 1518 1922 1323 1317 1496 1090 1286 1533 1493 1805 1501 1162 1277 1028 1045 1914 1516 1391 1768 1289 1760 1275 1631 1632 1978 1772 1183 1947 1312 1898 1446 1922 1646 1802 1020 1677 1469 1826 1761 1224 1895 1217 1930 1539 1137 1599 BCNSPRNW ULIB Ver.6.0+V

เปลี่ยนเป็นภาษาไทย

Change to English
 แสดงรายละเอียดบรรณานุกรม
  กลับหน้าหลัก

Brief Record : Get Marc (ISO 2709) : E-mail record : QR code < ปิดหน้าต่าง
LEADER : 00000nam 2200000uu 4500
001    13399112309
003     ULIB
008    110627s2550||||th 000 0 tha d
020    9789748290256
090    นว.^bล711P 2550
100 0  ลูกชุบ
245 00 Power land สูตรรักลุ้นหัวใจนายปีศาจ/^cลูกชุบ
250    พิมพ์ครั้งที่ 1
260    กรุงเทพฯ :^bแจ่มใส,^c2550
300    195 หน้า
710 1  แจ่มใส
945    ^p149^l0^i022522
995    ทศพร
999 ^a ใช้งานได้ทุกระบบ
รายการนี้ยังไม่มีแท็ก
คุณยังไม่ได้ล็อกอิน คุณสามารถมีกิจกรรมร่วมกับเว็บไซต์ได้ แต่ต้องล็อกอินก่อน ::
  ล็อกอิน

รายการสื่อสารสนเทศ

ลำดับที่ ประเภท เลขเรียก/บาร์โค้ด สถานที่ สถานะ
- ไม่พบข้อมูล -

รายการใกล้เคียง
    ผู้แต่ง [ลูกชุบ]

BibComment


ยังไม่เคยถูกคอมเมนท์

คอมเมนท์ทรัพยากรรายการนี้
  คอมเมนท์: Power land สูตรรั..


 Copyright 2026. Bcnsprnw @Library